000
00303nam a2200109Ia 4500
008
220204s9999 xx 000 0 und d
082
_b
HEN.2
245
0
_a
Seminar sries on technology and development. V 2
260
_a
Washington
_b
School of engineering
_c
1974
700
_a
Henson, Leatha S
942
_c
BK
999
_c
23585
_d
23585